Marketingový program

Prípadová štúdia kalkulácie jednicových, exportných cien, stanovenia obchodných metód a cenovej politiky pre fiktívne výrobky Alfa a Beta. Cieľ štúdie: posilnenie návyku využívania krycieho príspevku - ako rozdielu ceny (tržieb) a variabilných nákladov - pri plánovaní, rozhodovaní a hodnotení výsled...

Description complète

Enregistré dans:
Détails bibliographiques
Auteur principal: Urbánek, Jan
Format: Chapitre de livre
Langue:tchèque
Sujets:
Tags: Ajouter un tag
Pas de tags, Soyez le premier à ajouter un tag!

MARC

LEADER 00000naa a2200000 4500
001 r034534
005 20230908092612.2
041 0 |a cze 
044 |a CZ 
245 1 0 |a Marketingový program  |c Jan Urbánek 
520 |a Prípadová štúdia kalkulácie jednicových, exportných cien, stanovenia obchodných metód a cenovej politiky pre fiktívne výrobky Alfa a Beta. Cieľ štúdie: posilnenie návyku využívania krycieho príspevku - ako rozdielu ceny (tržieb) a variabilných nákladov - pri plánovaní, rozhodovaní a hodnotení výsledkov v medzinárodnom marketingu a podnikaní. 
610 2 0 |a marketing medzinárodný 
610 2 0 |a podnikanie medzinárodné 
610 2 0 |a tvorba cien 
610 2 0 |a štúdie prípadové 
610 2 0 |a ceny vývozné 
610 2 0 |a kalkulácia cenová 
610 2 0 |a ceny 
610 2 0 |a politika cenová 
610 2 0 |a technika obchodná 
610 2 0 |a tržby 
610 2 0 |a rentabilita 
610 2 0 |a rozdiely cenové 
610 2 0 |a náklady variabilné 
100 1 |a Urbánek, Jan